ياسمين / (Record no. 26685)
[ view plain ]
| 000 -LEADER | |
|---|---|
| fixed length control field | 00756nam a22002057a 4500 |
| 005 - DATE AND TIME OF LATEST TRANSACTION | |
| control field | 20200206143940.0 |
| 010 ## - LCCN (DPL NO) | |
| LC control number | B-327611-617 |
| 020 ## - INTERNATIONAL STANDARD BOOK NUMBER | |
| Terms of availability | 250.00 |
| 035 ## - SYSTEM CONTROL NUMBER | |
| System control number | B-327611-617 |
| 037 ## - SOURCE OF ACQUISITION | |
| Source of stock number/acquisition | آہلوواليہ بکڈپو |
| 082 ## - DEWEY DECIMAL CLASSIFICATION NUMBER | |
| Classification number | ن |
| 100 ## - MAIN ENTRY--PERSONAL NAME | |
| Personal name | ظفر عديم |
| 245 ## - TITLE STATEMENT | |
| Title | ياسمين / |
| Statement of responsibility, etc | ظفر غديم |
| 246 ## - VARYING FORM OF TITLE | |
| Title proper/short title | Yasmin / |
| Remainder of title | by Zafar Adeem |
| 260 ## - PUBLICATION, DISTRIBUTION, ETC. (IMPRINT) | |
| Place of publication, distribution, etc | نئ دلّی |
| Name of publisher, distributor, etc | ظفر عديم |
| Date of publication, distribution, etc | 2008 ء |
| 270 ## - ADDRESS | |
| Address | 36/2, Gali Number-35, Zakir Nagar |
| City | New Delhi |
| Postal code | 110025 |
| Telephone number | 011-26982733,9891462603 |
| 300 ## - PHYSICAL DESCRIPTION | |
| Extent | 288p. |
| Dimensions | 22cm(Hb) |
| 942 ## - ADDED ENTRY ELEMENTS (KOHA) | |
| Source of classification or shelving scheme | Dewey Decimal Classification |
| Item type | Urdu Bks |
| Classification part | ن |
| Call number suffix | ظ ف ر |
| Withdrawn status | Lost status | Not for loan | Collection code | Home library | Current library | Date acquired | Source of acquisition | Cost, normal purchase price | Full call number | Barcode | Copy number | Cost, replacement price | Koha item type |
|---|---|---|---|---|---|---|---|---|---|---|---|---|---|
| Fiction | Central Library | Central Library | 21/05/2009 | Ahluwalia Book Depot /194/08/21.03.09/4:25/13.03.09/09.04.09 | 250.00 | ن ظ ف ر | B-327611 | 1 | 250.00 | Urdu Bks | |||
| Fiction | Karol Bagh | Karol Bagh | 21/05/2009 | Ahluwalia Book Depot /194/08/21.03.09/4:25/13.03.09/09.04.09 | 250.00 | ن ظ ف ر | B-327615 | 1 | 250.00 | Urdu Bks | |||
| Fiction | Patel Nagar | Patel Nagar | 21/05/2009 | Ahluwalia Book Depot /194/08/21.03.09/4:25/13.03.09/09.04.09 | 250.00 | ن ظ ف ر | B-327612 | 1 | 250.00 | Urdu Bks | |||
| Fiction | R.C.Libraries (BL-IV) | R.C.Libraries (BL-IV) | 21/05/2009 | Ahluwalia Book Depot /194/08/21.03.09/4:25/13.03.09/09.04.09 | 250.00 | ن ظ ف ر | B-327617 | 1 | 250.00 | Urdu Bks | |||
| Fiction | Sarojini Nagar | Sarojini Nagar | 21/05/2009 | Ahluwalia Book Depot /194/08/21.03.09/4:25/13.03.09/09.04.09 | 250.00 | ن ظ ف ر | B-327613 | 1 | 250.00 | Urdu Bks | |||
| Fiction | Shahdara Branch | Shahdara Branch | 21/05/2009 | Ahluwalia Book Depot /194/08/21.03.09/4:25/13.03.09/09.04.09 | 250.00 | ن ظ ف ر | B-327616 | 1 | 250.00 | Urdu Bks | |||
| Written-off vide DLB M. No. 383 dt 16.05.19 | Fiction | Sriniwas Puri | Sriniwas Puri | 21/05/2009 | Ahluwalia Book Depot /194/08/21.03.09/4:25/13.03.09/09.04.09 | 250.00 | ن ظ ف ر | B-327614 | 1 | 250.00 | Urdu Bks |
